00285nam a2200121Ia 45000030006000000080041000060400015000471000019000622450026000812600027001075460012001340050017001460STCL150530s9999 xx 000 0 und d aSTCLcSTCL aBerman,H.J Ed. aTalks on American Law bVoice of Americac1972 aEnglish20220125165703.0